ბათუმის შოთა რუსთაველის სახელმწიფო უნივერსიტეტის ბიბლიოთეკა

Events Und Tourismus : (ბიბ.ჩანაწერი № 54267)

000 -LEADER
fixed length control field 00784nam a2200253Ia 4500
001 - CONTROL NUMBER
control field 21323
003 - CONTROL NUMBER IDENTIFIER
control field GE_BSU
005 - DATE AND TIME OF LATEST TRANSACTION
control field 20210731174416.0
008 - FIXED-LENGTH DATA ELEMENTS--GENERAL INFORMATION
fixed length control field 181216s ||||gw |||||||||||||| ||eng||
020 ## - INTERNATIONAL STANDARD BOOK NUMBER
International Standard Book Number 9783658155148
040 ## - CATALOGING SOURCE
Transcribing agency GE_BSU
080 ## - UNIVERSAL DECIMAL CLASSIFICATION NUMBER
Universal Decimal Classification number 338.48+796.5 Z-24
100 ## - MAIN ENTRY--PERSONAL NAME
Personal name Zanger, Cornelia
9 (RLIN) 12350
245 ## - TITLE STATEMENT
Title Events Und Tourismus :
Remainder of title Stand und Perspektiven der Eventforschund /
Statement of responsibility, etc. Cornelia Zanger.
264 ## - PRODUCTION, PUBLICATION, DISTRIBUTION, MANUFACTURE, AND COPYRIGHT NOTICE
Place of production, publication, distribution, manufacture Wiesbaden :
Name of producer, publisher, distributor, manufacturer Springer Gabler,
Date of production, publication, distribution, manufacture, or copyright notice 2016.
300 ## - PHYSICAL DESCRIPTION
Extent 333 p. ;
Dimensions 21cm.
440 ## - SERIES STATEMENT/ADDED ENTRY--TITLE
Title Markenkommunikation und Beziehungsmarketing
9 (RLIN) 12351
653 ## - INDEX TERM--UNCONTROLLED
keyword Events Und Tourismus
653 ## - INDEX TERM--UNCONTROLLED
keyword Stand und Perspektiven der Eventforschund
653 ## - INDEX TERM--UNCONTROLLED
keyword ეკონომიკა
653 ## - INDEX TERM--UNCONTROLLED
keyword ტურიზმი
942 ## - ADDED ENTRY ELEMENTS (KOHA)
Koha item type წიგნი
Source of classification or shelving scheme
ეგზემპლარები
Withdrawn status Lost status Source of classification or shelving scheme Damaged status Not for loan Permanent Location Current Location Shelving location Date acquired Cost, normal purchase price Full call number Barcode Date last seen Copy number Price effective from Koha item type Public note
          ბათუმის შოთა რუსთაველის სახელმწიფო უნივერსიტეტის მთავარი ბიბლიოთეკა ბათუმის შოთა რუსთაველის სახელმწიფო უნივერსიტეტის მთავარი ბიბლიოთეკა წიგნსაცავი 2018-12-17 161.00 338.48+796.5 Z-24 55245 2018-12-17 55245 2018-12-17 წიგნი 161.00 GEL.